[Event "CZE-ch"]
[Site "Bystrice nad Pernstejnem"]
[Date "2023.05.14"]
[Round "6"]
[White "Petr, Martin"]
[Black "Kraus, Tomas"]
[Result "0-1"]
[WhiteElo "2479"]
[BlackElo "2474"]
[PlyCount "84"]
[EventDate "2023.05.09"]
[EventType "tourn"]
[EventRounds "9"]
[EventCountry "CZE"]
[EventCategory "11"]
[SourceTitle "CBM 214 Extra"]
[Source "ChessBase"]
[SourceDate "2023.07.31"]
[SourceVersion "1"]
[SourceVersionDate "2023.07.31"]
[SourceQuality "1"]

1. d4 d5 2. Nf3 c5 3. c4 e6 4. cxd5 exd5 5. g3 Nc6 6. Bg2 Nf6 7. 0-0 Be7 8. dxc5 Bxc5 9. a3 Ne4 10. Nfd2 f5 11. Nc3 Be6 12. Nb3 Bb6 13. e3 0-0 14. Na4 Rc8 15. Re1 f4 16. f3 fxg3 17. hxg3 Nxg3 18. Nxb6 Qxb6 19. Bd2 Nf5 20. Rc1 Nh4 21. Bc3 Qd8 22. f4 Nxg2 23. Kxg2 Bf5 24. Qh5 Qd7 25. Nd4 Be4+ 26. Kf2 Bg6 27. Qg5 Nd8 28. Bb4 Rxc1 29. Rxc1 Rf6 30. Qe5 Nc6 31. Nxc6 bxc6 32. Qe7 Qc8 33. Qxa7 h6 34. Rg1 Qh3 35. Bc3 Qh4+ 36. Rg3 Rf7 37. Qb8+ Kh7 38. Be1 d4 39. Qe5 dxe3+ 40. Ke2 Re7 41. Rg2 Bh5+ 42. Kd3 Qxe1 0-1

[Event "CZE-ch"]
[Site "Bystrice nad Pernstejnem"]
[Date "2023.05.11"]
[Round "3"]
[White "Petr, Martin"]
[Black "Plat, Vojtech"]
[Result "1-0"]
[WhiteElo "2479"]
[BlackElo "2530"]
[PlyCount "115"]
[EventDate "2023.05.09"]
[EventType "tourn"]
[EventRounds "9"]
[EventCountry "CZE"]
[EventCategory "11"]
[SourceTitle "CBM 214 Extra"]
[Source "ChessBase"]
[SourceDate "2023.07.31"]
[SourceVersion "1"]
[SourceVersionDate "2023.07.31"]
[SourceQuality "1"]

1. d4 d6 2. Nf3 f5 3. g3 g6 4. Bg2 Nf6 5. b3 Bg7 6. Bb2 0-0 7. 0-0 Ne4 8. Nbd2 c5 9. Qc1 cxd4 10. Nxe4 fxe4 11. Nxd4 e5 12. Nb5 d5 13. c4 d4 14. c5 Bf5 15. Nd6 Qd7 16. Bxe4 Bxe4 17. Qc4+ Kh8 18. Nxe4 Nc6 19. b4 h6 20. b5 Na5 21. Qd3 Qd5 22. Nd2 Rae8 23. e4 Qxc5 24. Ba3 Qc3 25. Qxc3 dxc3 26. Bxf8 Bxf8 27. Nb3 Bb4 28. Nxa5 Bxa5 29. Rac1 Rd8 30. Rc2 Rd4 31. Re1 Kg7 32. Kf1 Rb4 33. Rd1 Rxb5 34. Ke2 Kf7 35. Rd7+ Ke6 36. Rg7 Kf6 37. Rd7 Ke6 38. Rh7 h5 39. f4 exf4 40. gxf4 Rb1 41. f5+ gxf5 42. Rxh5 b5 43. Rxf5 a6 44. Rh5 Rh1 45. a4 Rb1 46. Rh6+ Ke5 47. Rxa6 b4 48. Rxa5+ Kxe4 49. Rh5 Kd4 50. Rh4+ Kc5 51. Ke3 Re1+ 52. Re2 Rd1 53. Rg2 b3 54. Rg5+ Kd6 55. Rh6+ Ke7 56. Rg7+ Kf8 57. Rb7 Kg8 58. Rc6 1-0

[Event "CZE-ch"]
[Site "Bystrice nad Pernstejnem"]
[Date "2023.05.10"]
[Round "2"]
[White "Krejci, Jan1111"]
[Black "Petr, Martin"]
[Result "1-0"]
[WhiteElo "2517"]
[BlackElo "2479"]
[PlyCount "103"]
[EventDate "2023.05.09"]
[EventType "tourn"]
[EventRounds "9"]
[EventCountry "CZE"]
[EventCategory "11"]
[SourceTitle "CBM 214 Extra"]
[Source "ChessBase"]
[SourceDate "2023.07.31"]
[SourceVersion "1"]
[SourceVersionDate "2023.07.31"]
[SourceQuality "1"]

1. d4 d5 2. c4 e6 3. Nc3 Nf6 4. cxd5 exd5 5. Bg5 c6 6. e3 h6 7. Bh4 Be7 8. Bd3 0-0 9. Nge2 Re8 10. Qc2 Nbd7 11. 0-0 a5 12. Rad1 b5 13. a4 b4 14. Nb1 Qb6 15. Nd2 Ba6 16. Bxa6 Qxa6 17. Bxf6 Nxf6 18. Nf4 Rec8 19. Nb3 Nd7 20. Nd3 Nb6 21. Nbc5 Qa7 22. Rc1 Bd6 23. Qe2 Qe7 24. b3 Re8 25. Rc2 Nc8 26. Rfc1 Ra7 27. Qf3 Qc7 28. g3 Ne7 29. e4 Bxc5 30. Rxc5 dxe4 31. Qxe4 Rd8 32. Ne5 Qd6 33. Nc4 Qxd4 34. Qxd4 Rxd4 35. Nxa5 Ra6 36. Re1 Kf8 37. Rce5 g6 38. Nb7 Nf5 39. R1e4 Ra8 40. Kg2 Rb8 41. Nc5 Rd1 42. a5 Kg7 43. a6 Nd6 44. Re1 Rxe1 45. Rxe1 Rb5 46. Re5 Nc8 47. Nd7 Rxe5 48. Nxe5 c5 49. Kf3 f6 50. Nd3 c4 51. bxc4 b3 52. Ke4 1-0

[Event "Usti nad Labem rapid op"]
[Site "Usti nad Labem"]
[Date "2023.05.06"]
[Round "1"]
[White "Fiser, Jiri1111"]
[Black "Petr, Martin"]
[Result "0-1"]
[WhiteElo "1785"]
[BlackElo "2496"]
[PlyCount "68"]
[EventDate "2023.05.06"]
[EventType "swiss (rapid)"]
[EventRounds "7"]
[EventCountry "CZE"]
[SourceTitle "CBM 214 Extra"]
[Source "ChessBase"]
[SourceDate "2023.07.31"]
[SourceVersion "1"]
[SourceVersionDate "2023.07.31"]
[SourceQuality "1"]

1. e4 e6 2. d4 d5 3. Nd2 c5 4. exd5 Qxd5 5. Ngf3 cxd4 6. Bc4 Qd7 7. Nb3 Nc6 8. Nbxd4 Nxd4 9. Qxd4 Qxd4 10. Nxd4 Bd7 11. 0-0 Rc8 12. Bb3 Bc5 13. Be3 Nf6 14. Rad1 Ke7 15. Rfe1 g6 16. Bg5 h6 17. Bh4 Rhd8 18. c3 g5 19. Bg3 Kf8 20. h3 Nh5 21. Be5 f6 22. Bh2 Ng7 23. a4 e5 24. Nc2 Be6 25. Bxe6 Nxe6 26. Ne3 Bxe3 27. fxe3 Nc5 28. Rxd8+ Rxd8 29. b3 Nxb3 30. Rb1 Nc5 31. a5 Ke7 32. Rb5 Rd1+ 33. Kf2 Kd6 34. Ke2 Ra1 0-1

[Event "Usti nad Labem rapid op"]
[Site "Usti nad Labem"]
[Date "2023.05.06"]
[Round "6"]
[White "Petr, Martin"]
[Black "Vrana, Frantisek"]
[Result "1/2-1/2"]
[WhiteElo "2496"]
[BlackElo "2101"]
[PlyCount "93"]
[EventDate "2023.05.06"]
[EventType "swiss (rapid)"]
[EventRounds "7"]
[EventCountry "CZE"]
[SourceTitle "CBM 214 Extra"]
[Source "ChessBase"]
[SourceDate "2023.07.31"]
[SourceVersion "1"]
[SourceVersionDate "2023.07.31"]
[SourceQuality "1"]

1. Nf3 Nf6 2. g3 c6 3. Bg2 d6 4. d4 Nbd7 5. Nc3 e5 6. e4 Be7 7. 0-0 0-0 8. a4 a5 9. b3 Re8 10. Ba3 Qc7 11. Qd2 Nf8 12. Rfd1 Bg4 13. h3 Bh5 14. Re1 Bxf3 15. Bxf3 Ne6 16. d5 cxd5 17. exd5 Nd4 18. Bg2 Rac8 19. Bb2 Nd7 20. Rac1 Qc5 21. Ne4 Qb6 22. Kh2 Nf5 23. h4 Nh6 24. Bh3 Rcd8 25. f4 f6 26. Be6+ Kh8 27. Kh3 Nc5 28. Nxc5 dxc5 29. Qe3 exf4 30. Qxf4 Ng8 31. Re4 Qd6 32. c4 Qxf4 33. gxf4 Nh6 34. f5 Bd6 35. Rce1 Re7 36. Bc1 Rde8 37. Bxh6 gxh6 38. Rg1 h5 39. Re2 Rg7 40. Rxg7 Kxg7 41. Rg2+ Kh6 42. Rg1 Rf8 43. Kg2 Re8 44. Kf3 Rf8 45. Ke4 Re8 46. Rg2 Rf8 47. Rg1 1/2-1/2

[Event "Bassano del Grappa Spring op"]
[Site "Bassano del Grappa"]
[Date "2023.03.16"]
[Round "2"]
[White "Petr, Martin"]
[Black "Casadio, Niccolo"]
[Result "1/2-1/2"]
[WhiteElo "2495"]
[BlackElo "2094"]
[PlyCount "105"]
[EventDate "2023.03.15"]
[EventType "swiss"]
[EventRounds "9"]
[EventCountry "ITA"]
[SourceTitle "EXT 2024"]
[Source "ChessBase"]
[SourceDate "2023.10.10"]
[SourceVersion "1"]
[SourceVersionDate "2023.10.10"]
[SourceQuality "1"]

1. e4 e5 2. Nf3 Nc6 3. d4 exd4 4. Nxd4 Nf6 5. Nxc6 bxc6 6. e5 Qe7 7. Qe2 Nd5 8. Nd2 Nb4 9. Nf3 Ba6 10. Qd1 Bxf1 11. Kxf1 Qc5 12. c3 Nd5 13. g3 Be7 14. Kg2 Rb8 15. Qe2 0-0 16. c4 Nb6 17. b3 Rfe8 18. Rd1 Qa5 19. Qc2 Rbd8 20. Bd2 Qa6 21. Bg5 h6 22. Bxe7 Rxe7 23. Rd2 Qa3 24. Nd4 Ra8 25. f4 a5 26. Re1 Qc5 27. Qf5 Ree8 28. Qg4 Kh7 29. Nf3 a4 30. f5 axb3 31. axb3 Qe7 32. Ree2 Qf8 33. f6 g6 34. h4 Ra3 35. h5 g5 36. Re3 Kh8 37. Red3 Re6 38. Qf5 c5 39. Qe4 Qe8 40. Qb7 g4 41. Nh2 Rxe5 42. Nxg4 Rxh5 43. Re3 Qg8 44. Qe4 Ra1 45. Qe8 Ra8 46. Qxg8+ Kxg8 47. Re7 c6 48. Ne5 d5 49. g4 Rg5 50. Kg3 Kf8 51. Kh3 Nc8 52. Rd7 Nb6 53. Re7 1/2-1/2

[Event "CZE-chT1W 2223"]
[Site "Czech Republic"]
[Date "2023.01.29"]
[Round "7.3"]
[White "Petr, Martin"]
[Black "Pulpan, Jakub"]
[Result "0-1"]
[WhiteElo "2495"]
[BlackElo "2408"]
[PlyCount "50"]
[EventDate "2022.10.09"]
[EventType "team-tourn"]
[EventRounds "11"]
[EventCountry "CZE"]
[SourceTitle "CBM 213 Extra"]
[Source "ChessBase"]
[SourceDate "2023.05.31"]
[SourceVersion "1"]
[SourceVersionDate "2023.05.31"]
[SourceQuality "1"]
[WhiteTeam "Litomerice Slavoj"]
[BlackTeam "Lysa nad Labem II"]
[WhiteTeamCountry "CZE"]
[BlackTeamCountry "CZE"]

1. Nf3 d5 2. g3 g6 3. c4 dxc4 4. Qa4+ Nc6 5. Qxc4 Bg7 6. d3 e5 7. Ng5 Nh6 8. h4 Nd4 9. Bg2 Qe7 10. Bd2 Bd7 11. Bxb7 Rb8 12. Qxc7 0-0 13. Na3 Nxe2 14. Bc6 Rbd8 15. Bxd7 Nd4 16. Rc1 Rxd7 17. Qc5 Qf6 18. Nb5 Ng4 19. Ne4 Qf3 20. Nxd4 Rxd4 21. 0-0 Qxd3 22. f3 Rxe4 23. Bb4 Bh6 24. Rc3 Be3+ 25. Qxe3 Qxf1+ 0-1

[Event "Marianske Lazne GM-A1 21st"]
[Site "Marianske Lazne"]
[Date "2023.01.18"]
[Round "6"]
[White "Stalmach, Richard"]
[Black "Petr, Martin"]
[Result "1/2-1/2"]
[WhiteElo "2423"]
[BlackElo "2508"]
[PlyCount "69"]
[EventDate "2023.01.14"]
[EventType "tourn"]
[EventRounds "9"]
[EventCountry "CZE"]
[EventCategory "7"]
[SourceTitle "CBM 212 Extra"]
[Source "ChessBase"]
[SourceDate "2023.03.31"]
[SourceVersion "1"]
[SourceVersionDate "2023.03.31"]
[SourceQuality "1"]

1. d4 Nf6 2. c4 g6 3. h3 Bg7 4. Nf3 0-0 5. Nc3 d5 6. cxd5 Nxd5 7. e4 Nxc3 8. bxc3 c5 9. Be2 b6 10. Be3 Bb7 11. Qd3 cxd4 12. cxd4 Ba6 13. Qd2 Bxe2 14. Qxe2 Nc6 15. Rd1 e6 16. 0-0 Qd7 17. Rd2 Rac8 18. Rfd1 Na5 19. Bf4 Nc4 20. Rc2 b5 21. Nd2 Na5 22. Nb3 Nxb3 23. axb3 Rxc2 24. Qxc2 a5 25. Qc7 Qxc7 26. Bxc7 a4 27. bxa4 bxa4 28. d5 exd5 29. exd5 a3 30. d6 Be5 31. Bb6 a2 32. d7 a1Q 33. Rxa1 Bxa1 34. d8Q Rxd8 35. Bxd8 1/2-1/2

[Event "Marianske Lazne GM-A1 21st"]
[Site "Marianske Lazne"]
[Date "2023.01.17"]
[Round "5"]
[White "Gaehwiler, Gabriel"]
[Black "Petr, Martin"]
[Result "1/2-1/2"]
[WhiteElo "2408"]
[BlackElo "2508"]
[PlyCount "41"]
[EventDate "2023.01.14"]
[EventType "tourn"]
[EventRounds "9"]
[EventCountry "CZE"]
[EventCategory "7"]
[SourceTitle "CBM 212 Extra"]
[Source "ChessBase"]
[SourceDate "2023.03.31"]
[SourceVersion "1"]
[SourceVersionDate "2023.03.31"]
[SourceQuality "1"]

1. d4 d5 2. c4 e6 3. Nf3 Nf6 4. g3 dxc4 5. Bg2 a6 6. Ne5 c5 7. e3 Nbd7 8. Nxc4 Nb6 9. Ne5 cxd4 10. exd4 Nbd5 11. Nc3 Be7 12. 0-0 0-0 13. Qb3 Qd6 14. Nc4 Qb4 15. Nxd5 Nxd5 16. Qxb4 Bxb4 17. a3 Be7 18. Bxd5 exd5 19. Nb6 Bh3 20. Nxd5 Bd6 21. Re1 1/2-1/2

[Event "Marianske Lazne GM-A1 21st"]
[Site "Marianske Lazne"]
[Date "2023.01.17"]
[Round "4"]
[White "Petr, Martin"]
[Black "Stefansson, Hannes"]
[Result "1-0"]
[WhiteElo "2508"]
[BlackElo "2526"]
[PlyCount "139"]
[EventDate "2023.01.14"]
[EventType "tourn"]
[EventRounds "9"]
[EventCountry "CZE"]
[EventCategory "7"]
[SourceTitle "CBM 212 Extra"]
[Source "ChessBase"]
[SourceDate "2023.03.31"]
[SourceVersion "1"]
[SourceVersionDate "2023.03.31"]
[SourceQuality "1"]

1. Nf3 Nf6 2. g3 d5 3. Bg2 g6 4. c4 dxc4 5. Qa4+ Nfd7 6. Qxc4 Bg7 7. 0-0 Nc6 8. d3 0-0 9. Nc3 Nb6 10. Qh4 e5 11. Qxd8 Rxd8 12. Nb5 Rd7 13. Bd2 a6 14. Nc3 Rd8 15. Rfc1 h6 16. Rab1 g5 17. Be1 Nd4 18. Kf1 Be6 19. b4 Rac8 20. a4 Nd5 21. b5 Nxc3 22. Bxc3 axb5 23. axb5 Bd5 24. Bxd4 exd4 25. Nd2 Bf8 26. Bh3 Ra8 27. Rxc7 Ra2 28. Nc4 Bxc4 29. Rxc4 b6 30. Bg4 Rd5 31. Rc6 Rd6 32. h3 Kg7 33. Bh5 Be7 34. Rc7 Kf8 35. Rb7 Rf6 36. Bf3 Bc5 37. Rc7 Bd6 38. Rc6 Be7 39. Rbc1 Rb2 40. Rxf6 Bxf6 41. Rc6 Bd8 42. Rxh6 Rxb5 43. Rd6 Be7 44. Rxd4 Rb1+ 45. Kg2 b5 46. Rd7 b4 47. Rb7 f5 48. Bd5 Re1 49. e3 f4 50. gxf4 gxf4 51. exf4 Rd1 52. Bc4 Rd2 53. Kf3 Bc5 54. Rb5 Rxf2+ 55. Kg3 Be3 56. Rf5+ Kg7 57. Rf7+ Kh8 58. f5 Rf1 59. f6 Bc5 60. Kg4 Bd4 61. Kg5 Be3+ 62. Kg6 Rg1+ 63. Kf5 Rf1+ 64. Ke4 Bg5 65. Ke5 Bf4+ 66. Ke6 Re1+ 67. Kf5 Rf1 68. d4 Rf2 69. Rf8+ Kh7 70. Bd3 1-0

[Event "Marianske Lazne GM-A1 21st"]
[Site "Marianske Lazne"]
[Date "2023.01.15"]
[Round "2"]
[White "Petr, Martin"]
[Black "Chen, Qi B"]
[Result "1/2-1/2"]
[WhiteElo "2508"]
[BlackElo "2484"]
[PlyCount "131"]
[EventDate "2023.01.14"]
[EventType "tourn"]
[EventRounds "9"]
[EventCountry "CZE"]
[EventCategory "7"]
[SourceTitle "CBM 212 Extra"]
[Source "ChessBase"]
[SourceDate "2023.03.31"]
[SourceVersion "1"]
[SourceVersionDate "2023.03.31"]
[SourceQuality "1"]

1. Nf3 d5 2. b3 Bg4 3. e3 Nd7 4. Bb2 e6 5. h3 Bh5 6. d3 a5 7. a4 h6 8. Nbd2 Bg6 9. g3 Ngf6 10. Bg2 Bc5 11. Qe2 0-0 12. 0-0 Re8 13. e4 dxe4 14. dxe4 e5 15. Rad1 Qe7 16. Nh4 Bh7 17. Nc4 Qe6 18. g4 Qa6 19. Rd3 b5 20. axb5 Qxb5 21. Nf5 a4 22. h4 a3 23. Ba1 Nf8 24. Bxe5 Ra6 25. Kh1 Rxe5 26. Nxe5 a2 27. Ra1 Bxf5 28. c4 Qb6 29. exf5 Bd4 30. Rxa2 Rxa2 31. Qxa2 Bxe5 32. Qe2 N6d7 33. Qd2 Nc5 34. Rd8 Bf6 35. Rc8 Qxb3 36. Qe3 Qb1+ 37. Kh2 Qb6 38. Kh3 Qd6 39. Bd5 Be7 40. Re8 Bd8 41. Rxd8 Qxd8 42. Qxc5 Nd7 43. Qd4 Qe7 44. g5 hxg5 45. hxg5 Kf8 46. f4 Qc5 47. Qd3 Qd6 48. f6 Qxf4 49. Bc6 gxf6 50. Bxd7 fxg5 51. c5 Ke7 52. Bg4 Kf8 53. c6 Ke7 54. Bd7 Kf6 55. Kg2 Ke5 56. Qc3+ Qd4 57. Qg3+ Qf4 58. Qc3+ Qd4 59. Qxd4+ Kxd4 60. Kf3 Kd5 61. Kg4 f6 62. Kf5 Kd6 63. Be8 Kd5 64. Bd7 Kd6 65. Kxf6 g4 66. Bxg4 1/2-1/2

[Event "CZE-chT 2223"]
[Site "Czech Republic"]
[Date "2023.01.07"]
[Round "5.6"]
[White "Nguyen, Thai Dai Van"]
[Black "Petr, Martin"]
[Result "1-0"]
[WhiteElo "2634"]
[BlackElo "2495"]
[PlyCount "71"]
[EventDate "2022.10.15"]
[EventType "team-tourn"]
[EventRounds "11"]
[EventCountry "CZE"]
[SourceTitle "CBM 213 Extra"]
[Source "ChessBase"]
[SourceDate "2023.05.31"]
[SourceVersion "1"]
[SourceVersionDate "2023.05.31"]
[SourceQuality "1"]
[WhiteTeam "Novoborsky"]
[BlackTeam "Ingem Line"]
[WhiteTeamCountry "CZE"]
[BlackTeamCountry "CZE"]

1. Nf3 d5 2. d4 Nf6 3. c4 e6 4. Nc3 Nbd7 5. cxd5 exd5 6. Bg5 c6 7. Qc2 Be7 8. e3 Nf8 9. Bd3 Ne6 10. h4 h5 11. 0-0-0 Ng4 12. Bxe7 Qxe7 13. e4 Qc7 14. exd5 cxd5 15. Rhe1 0-0 16. Nxd5 Qxc2+ 17. Bxc2 Rd8 18. Nc3 Nxf2 19. Rd2 Ng4 20. d5 Nf8 21. Re7 Bd7 22. Ng5 f6 23. Ne6 Nxe6 24. dxe6 Bc6 25. Rxd8+ Rxd8 26. Rc7 Ne5 27. Ne4 Rb8 28. Nd6 Bxg2 29. e7 Bc6 30. Bb3+ Kh7 31. Bc2+ Kg8 32. Bf5 g5 33. Bc8 Nf7 34. Be6 Be8 35. Nxf7 Bxf7 36. e8Q+ 1-0

[Event "CZE-chT1W 2223"]
[Site "Czech Republic"]
[Date "2022.10.09"]
[Round "1.6"]
[White "Petr, Martin"]
[Black "Kraus, Tomas"]
[Result "1-0"]
[WhiteElo "2495"]
[BlackElo "2479"]
[PlyCount "151"]
[EventDate "2022.10.09"]
[EventType "team-tourn"]
[EventRounds "11"]
[EventCountry "CZE"]
[SourceTitle "CBM 210 Extra"]
[Source "ChessBase"]
[SourceDate "2022.11.30"]
[SourceVersion "1"]
[SourceVersionDate "2022.11.30"]
[SourceQuality "1"]
[WhiteTeam "Litomerice Slavoj"]
[BlackTeam "Ricany Betsys"]
[WhiteTeamCountry "CZE"]
[BlackTeamCountry "CZE"]

1. Nf3 d5 2. g3 Nd7 3. d4 Nb6 4. Bg2 Bf5 5. Nbd2 Nf6 6. Nh4 e6 7. Nxf5 exf5 8. c4 c6 9. cxd5 Nbxd5 10. 0-0 g6 11. Nc4 Bg7 12. Qb3 Nb6 13. Qe3+ Kf8 14. Ne5 Qe7 15. Qb3 Qe6 16. Qxe6 fxe6 17. b3 Nfd7 18. Ba3+ Ke8 19. Nf3 Kf7 20. Bb2 h6 21. Rac1 a5 22. a3 Rhd8 23. Rfd1 g5 24. e3 g4 25. Ne1 Nd5 26. Nd3 Ra6 27. Rc2 Rb6 28. Nc1 N7f6 29. Bf1 Ne4 30. Bc4 Nd6 31. Nd3 a4 32. bxa4 Nxc4 33. Rxc4 Ra8 34. Rd2 Bf8 35. e4 fxe4 36. Ne5+ Ke8 37. Nxg4 h5 38. Ne5 e3 39. Re2 exf2+ 40. Kxf2 Rb3 41. Nf3 Kd7 42. Ng5 Bh6 43. Ne4 Rf8+ 44. Ke1 Rbf3 45. Nd2 Rd3 46. Nf1 Rdf3 47. Nd2 Rd3 48. Nf1 Rf6 49. a5 Rf7 50. Bc1 Bxc1 51. Rxc1 Rxd4 52. Nd2 Rf5 53. Nb3 Rg4 54. Nc5+ Kc7 55. Rxe6 Rgg5 56. a6 Re5+ 57. Kd2 bxa6 58. Nxa6+ Kd7 59. Rxe5 Rxe5 60. Nb8+ Ke6 61. Nxc6 Rg5 62. Nd4+ Kd6 63. Rc6+ Ke7 64. Rc5 Kd6 65. Ra5 h4 66. Ne2 hxg3 67. hxg3 Rg8 68. Kd3 Re8 69. Nf4 Nc7 70. g4 Re1 71. g5 Rg1 72. Ke4 Re1+ 73. Kf5 Rf1 74. g6 Rf3 75. g7 Rg3 76. Ng6 1-0

[Event "Pardubice Czech op-E 33rd"]
[Site "Pardubice"]
[Date "2022.07.14"]
[Round "1.1"]
[White "Gaj, Milos"]
[Black "Petr, Martin"]
[Result "0-1"]
[WhiteElo "1916"]
[BlackElo "2500"]
[PlyCount "86"]
[EventDate "2022.07.14"]
[EventType "team-swiss"]
[EventRounds "7"]
[EventCountry "CZE"]
[SourceTitle "CBM 209 Extra"]
[Source "ChessBase"]
[SourceDate "2022.09.30"]
[SourceVersion "1"]
[SourceVersionDate "2022.09.30"]
[SourceQuality "1"]
[WhiteTeam "Unichess"]
[BlackTeam "Kolesovice Cesky Lev"]
[WhiteTeamCountry "CZE"]
[BlackTeamCountry "CZE"]

1. d4 Nf6 2. Nf3 g6 3. c4 Bg7 4. Nc3 d5 5. Qb3 dxc4 6. Qxc4 Na6 7. e4 c5 8. dxc5 0-0 9. Bf4 Qa5 10. Nd2 Qxc5 11. Nb3 Qxc4 12. Bxc4 Bd7 13. Rd1 Rfc8 14. Bxa6 bxa6 15. Be5 Be6 16. Nd4 Nxe4 17. Bxg7 Nxc3 18. bxc3 Kxg7 19. Nxe6+ fxe6 20. Kd2 Rc5 21. Rc1 Rd8+ 22. Kc2 Rdc8 23. Kb3 Rb5+ 24. Kc2 Ra5 25. Kb2 Rc4 26. Rhd1 Rca4 27. Ra1 Kf6 28. Rd4 Rxd4 29. cxd4 e5 30. Rd1 e4 31. Kb3 Rg5 32. g3 Rb5+ 33. Kc3 Ke6 34. a4 Rf5 35. Rd2 Kd5 36. Kb4 Rf6 37. Rc2 Kxd4 38. Rd2+ Ke5 39. Rd7 Rxf2 40. Rxe7+ Kd4 41. Rd7+ Ke3 42. Rxh7 Rf6 43. Rxa7 Kf2 0-1

[Event "CZE-chT 2122"]
[Site "Czech Republic"]
[Date "2022.02.26"]
[Round "11.5"]
[White "Petr, Martin"]
[Black "Cvek, Robert"]
[Result "1/2-1/2"]
[WhiteElo "2501"]
[BlackElo "2486"]
[PlyCount "57"]
[EventDate "2021.10.15"]
[EventType "team-tourn"]
[EventRounds "15"]
[EventCountry "CZE"]
[SourceTitle "EXT 2023"]
[Source "ChessBase"]
[SourceDate "2022.10.05"]
[SourceVersion "1"]
[SourceVersionDate "2022.10.05"]
[SourceQuality "1"]
[WhiteTeam "Ingem Line"]
[BlackTeam "Poruba Slavoj"]
[WhiteTeamCountry "CZE"]
[BlackTeamCountry "CZE"]

1. e4 c5 2. c3 Nf6 3. e5 Nd5 4. d4 cxd4 5. cxd4 e6 6. Nc3 Nxc3 7. bxc3 Qc7 8. Bd2 d6 9. f4 Be7 10. Nf3 b6 11. Bd3 g6 12. h4 h5 13. Qe2 Bb7 14. Ng5 Bxg5 15. hxg5 dxe5 16. fxe5 Nc6 17. Rh4 0-0-0 18. a4 Kb8 19. Rb1 Ka8 20. g3 Qe7 21. Kf2 Qc7 22. Rf4 Rh7 23. Kg1 Na5 24. Kh2 Bd5 25. Rb4 Rc8 26. Ba6 Bb7 27. Bd3 Bd5 28. Ba6 Bb7 29. Bd3 1/2-1/2

[Event "CZE-chT 2122"]
[Site "Czech Republic"]
[Date "2021.11.07"]
[Round "4.2"]
[White "Petr, Martin"]
[Black "Simacek, Pavel"]
[Result "0-1"]
[WhiteElo "2501"]
[BlackElo "2444"]
[PlyCount "124"]
[EventDate "2021.10.15"]
[EventType "team-tourn"]
[EventRounds "15"]
[EventCountry "CZE"]
[SourceTitle "EXT 2023"]
[Source "ChessBase"]
[SourceDate "2022.10.05"]
[SourceVersion "1"]
[SourceVersionDate "2022.10.05"]
[SourceQuality "1"]
[WhiteTeam "Ingem Line"]
[BlackTeam "Turnov Zikuda"]
[WhiteTeamCountry "CZE"]
[BlackTeamCountry "CZE"]

1. Nf3 d6 2. e4 c5 3. Bb5+ Nd7 4. d4 cxd4 5. Nxd4 Ngf6 6. 0-0 a6 7. Bd3 g6 8. c4 Bg7 9. Nc3 0-0 10. Be3 Nc5 11. f3 Bd7 12. b4 Nxd3 13. Qxd3 Qc7 14. Rac1 Rfc8 15. Nd5 Nxd5 16. exd5 Qd8 17. Rfe1 Bf6 18. c5 dxc5 19. bxc5 Qa5 20. Qc2 Ba4 21. Nb3 Qb4 22. Bf2 Rd8 23. Re4 Qb5 24. c6 Rac8 25. Rxa4 Qxa4 26. Bb6 Rf8 27. c7 Be5 28. Qe2 Bd6 29. g3 Rfe8 30. Na5 Qb4 31. Qf2 e6 32. Nxb7 exd5 33. Nxd6 Qxd6 34. a4 Qa3 35. Rd1 Qb3 36. Rd2 Re6 37. a5 Rc6 38. Kg2 Re8 39. g4 Rc1 40. Kg3 Qc4 41. Qd4 Qxd4 42. Rxd4 Re5 43. Rd1 Rc6 44. Bd4 Re7 45. Bb6 Rd7 46. Kf4 Kf8 47. h4 d4 48. Ke4 d3 49. Rxd3 Rxd3 50. Kxd3 Ke7 51. Ke4 Ke6 52. Kf4 f6 53. Ke4 Rc4+ 54. Kd3 Kd5 55. Ke3 Rc6 56. Kf4 Rc3 57. Kg3 Ke5 58. Be3 h5 59. gxh5 gxh5 60. Bb6 Rc2 61. Be3 Ke6 62. Bf4 Kd7 0-1

[Event "CZE-chT 2122"]
[Site "Czech Republic"]
[Date "2021.11.06"]
[Round "3.1"]
[White "Yemelin, Vasily"]
[Black "Petr, Martin"]
[Result "1-0"]
[WhiteElo "2527"]
[BlackElo "2501"]
[PlyCount "43"]
[EventDate "2021.10.15"]
[EventType "team-tourn"]
[EventRounds "15"]
[EventCountry "CZE"]
[SourceTitle "EXT 2023"]
[Source "ChessBase"]
[SourceDate "2022.10.05"]
[SourceVersion "1"]
[SourceVersionDate "2022.10.05"]
[SourceQuality "1"]
[WhiteTeam "Lysa nad Labem"]
[BlackTeam "Ingem Line"]
[WhiteTeamCountry "CSR"]
[BlackTeamCountry "CZE"]

1. e4 e6 2. d4 d5 3. Nd2 c5 4. Ngf3 cxd4 5. Nxd4 Nc6 6. Bb5 Bd7 7. Nxc6 bxc6 8. Bd3 Bd6 9. Qe2 Qc7 10. Nf3 e5 11. exd5 Ne7 12. dxc6 Bxc6 13. 0-0 f5 14. Ng5 e4 15. Bc4 Nd5 16. g3 Nf6 17. Rd1 Ng4 18. Ne6 Qe7 19. Bg5 e3 20. Bxe7 exf2+ 21. Kf1 Kxe7 22. Nxg7+ 1-0

[Event "CZE-chT 2122"]
[Site "Czech Republic"]
[Date "2021.10.17"]
[Round "2.5"]
[White "Petr, Martin"]
[Black "Mazur, Stefan"]
[Result "1/2-1/2"]
[WhiteElo "2501"]
[BlackElo "2430"]
[PlyCount "114"]
[EventDate "2021.10.15"]
[EventType "team-tourn"]
[EventRounds "15"]
[EventCountry "CZE"]
[SourceTitle "CBM 204 Extra"]
[Source "ChessBase"]
[SourceDate "2021.11.30"]
[SourceVersion "1"]
[SourceVersionDate "2021.11.30"]
[SourceQuality "1"]
[WhiteTeam "Ingem Line"]
[BlackTeam "Kromeriz Slavia"]
[WhiteTeamCountry "CZE"]
[BlackTeamCountry "CZE"]

1. Nf3 Nf6 2. g3 g6 3. b3 Bg7 4. Bb2 0-0 5. Bg2 b6 6. c4 Bb7 7. 0-0 c5 8. Nc3 d5 9. Nxd5 Nxd5 10. Bxg7 Kxg7 11. cxd5 Qxd5 12. d4 Na6 13. e4 Qd6 14. d5 e6 15. Nd2 exd5 16. exd5 Rad8 17. Nc4 Qf6 18. Qd2 Rd7 19. Rad1 Rfd8 20. Ne3 h5 21. g4 Nb4 22. gxh5 gxh5 23. Qe2 Nxd5 24. Qxh5 Nxe3 25. Rxd7 Rxd7 26. fxe3 Qg6 27. Qxg6+ Kxg6 28. Bxb7 Rxb7 29. Kf2 Rd7 30. Ke2 Rd5 31. h4 b5 32. Rf4 f5 33. e4 fxe4 34. Rxe4 Kf5 35. Re7 Rd4 36. Rh7 a6 37. Ke3 Re4+ 38. Kf3 Rf4+ 39. Kg3 Rg4+ 40. Kh3 Rd4 41. Rf7+ Ke4 42. Rc7 c4 43. h5 Kd3 44. bxc4 bxc4 45. h6 Rd6 46. h7 Rh6+ 47. Kg4 c3 48. Kg5 Rh1 49. Kg6 c2 50. a4 a5 51. Rc8 Kd2 52. Rd8+ Kc3 53. h8Q+ Rxh8 54. Rxh8 c1Q 55. Rc8+ Kb2 56. Rxc1 Kxc1 57. Kf5 Kb2 1/2-1/2